000 00663nam a22002057a 4500
003 UA-OsUOA
001 39306
007 ta
008 20080403b un ||||| |||| 00| 0 ukr d
090 _a050
942 _cMG
040 _aUA-OsUOA
_bukr
_cUA-OsUOA
_dUA-OsUOA
245 _aРідношкільник
_b1997: 38; 1999: 41, 424 2000: 44; 2001: 46; 2002: 47, 48; 2003: 50
955 _a4
041 _aukr
080 _a050
260 _aТоронто
650 7 _a050 Серійні публікації. Періодика галузі, Організація та інші типи поєднання (співробітництва)
_2UDC
999 _c437832
_d437832